[Event "Rated Blitz game"]
[Site "?"]
[Date "2021.03.13"]
[Round "?"]
[White "Mr_Saw"]
[Black "Blind2250"]
[Result "1-0"]
[WhiteElo "2458"]
[BlackElo "2414"]
[PlyCount "37"]
[EventDate "2021.??.??"]
[EventType "blitz"]

1. e4 e5 2. Nf3 d5 3. exd5 e4 4. Qe2 Nf6 5. Nc3 Qe7 6. Nd4 Qe5 7. Nf3 Qe7 8.
Ng5 Bg4 9. Qb5+ Nbd7 10. h3 Bh5 11. Qxb7 Rb8 12. Qxc7 h6 13. Bb5 Rxb5 14. Nxb5
hxg5 15. Qc8+ Qd8 16. Nc7+ Ke7 17. d6+ Kxd6 18. Qxd8 Be7 19. Nb5+ {Normal} 1-0

[Event "Rated Blitz game"]
[Site "?"]
[Date "2021.03.13"]
[Round "?"]
[White "micfel"]
[Black "KamranShirazi"]
[Result "0-1"]
[WhiteElo "2429"]
[BlackElo "2483"]
[PlyCount "52"]
[EventDate "2021.??.??"]
[EventType "blitz"]

1. e4 e5 2. Nf3 d5 3. Nxe5 Bd6 4. d4 dxe4 5. Be2 Bxe5 6. dxe5 Qxd1+ 7. Bxd1 Nc6
8. Bf4 Nge7 9. Nc3 Ng6 10. Bg3 Bf5 11. O-O h5 12. h3 h4 13. Bh2 O-O-O 14. Re1
Ngxe5 15. Nxe4 f6 16. b3 Rhe8 17. c4 Nb4 18. Nc3 Ned3 19. Rxe8 Rxe8 20. Bf3 Nc2
21. Rf1 Nd4 22. Bd1 Nb2 23. Nd5 Bd3 24. Nxc7 Re4 25. Bg4+ f5 26. Bxf5+ Nxf5 {
Normal} 0-1

[Event "Rated Blitz tournament Q1xUf6YA"]
[Site "?"]
[Date "2021.03.13"]
[Round "?"]
[White "onyxz"]
[Black "geptil"]
[Result "0-1"]
[WhiteElo "2299"]
[BlackElo "2418"]
[PlyCount "32"]
[EventDate "2021.??.??"]
[EventType "blitz"]

1. e4 e5 2. Nf3 d5 3. Nxe5 Bd6 4. d4 dxe4 5. Bc4 Bxe5 6. Qh5 Qe7 7. dxe5 Nc6 8.
Bf4 g6 9. Qe2 Bf5 10. Nc3 Nd4 11. Qd2 O-O-O 12. Nd5 Qc5 13. b3 c6 14. c3 Ne6
15. Be3 Qa5 16. b4 Qa3 {Time forfeit} 0-1

[Event "Rated Blitz game"]
[Site "?"]
[Date "2021.03.13"]
[Round "?"]
[White "Jano83"]
[Black "Dzon_Vejn"]
[Result "1-0"]
[WhiteElo "2385"]
[BlackElo "2428"]
[PlyCount "73"]
[EventDate "2021.??.??"]
[EventType "blitz"]

1. e4 e5 2. Nf3 d5 3. exd5 e4 4. Qe2 Nf6 5. d3 Qxd5 6. Nc3 Bb4 7. Nd2 Bxc3 8.
bxc3 O-O 9. Nxe4 Nbd7 10. c4 Qd4 11. Rb1 Nxe4 12. dxe4 Re8 13. f3 Qc3+ 14. Qd2
Qf6 15. Bb2 Qg6 16. Bd3 Nc5 17. O-O Be6 18. Qe3 b6 19. Rbe1 Bh3 20. Rf2 Be6 21.
f4 f5 22. Rf3 fxe4 23. Rg3 Bg4 24. Be2 h5 25. h3 Rad8 26. hxg4 h4 27. Rh3 Na4
28. Ba1 Nc5 29. Rxh4 Qd6 30. f5 Qd2 31. Qxd2 Rxd2 32. g5 Rxc2 33. g6 Rxa2 34.
Kh2 Rd2 35. f6 gxf6 36. Bxf6 Ne6 37. Rh8# {Normal} 1-0

[Event "Rated Blitz game"]
[Site "?"]
[Date "2021.03.13"]
[Round "?"]
[White "Misi_95"]
[Black "Erow"]
[Result "0-1"]
[WhiteElo "2712"]
[BlackElo "2664"]
[PlyCount "102"]
[EventDate "2021.??.??"]
[EventType "blitz"]

1. e4 e5 2. Nf3 d5 3. d3 dxe4 4. dxe4 Qxd1+ 5. Kxd1 Nc6 6. c3 Bg4 7. Nbd2 O-O-O
8. Kc2 f5 9. Ng5 Nh6 10. h3 Bh5 11. exf5 Be7 12. Ne6 Rdg8 13. g4 Bf7 14. Ne4
Nd8 15. Nxd8 Rxd8 16. Be3 Bd5 17. Bg2 Nf7 18. Rad1 Kb8 19. b3 Rhf8 20. c4 Bc6
21. Rxd8+ Rxd8 22. Rd1 Nd6 23. f3 Rf8 24. Nc5 g6 25. Ne6 Rf6 26. Bg5 Rxe6 27.
fxe6 Bxg5 28. a4 b6 29. Kc3 Bf4 30. h4 Kc8 31. b4 Be3 32. b5 Bb7 33. h5 g5 34.
h6 Kd8 35. Kd3 Bf4 36. a5 Ke7 37. axb6 axb6 38. Ra1 Kxe6 39. Ra7 Kd7 40. Kc3
Kc8 41. Kd3 Kb8 42. Ra1 Bc8 43. Rc1 Be6 44. Re1 Bxc4+ 45. Kc3 Bxb5 46. Rb1 Bc6
47. Re1 b5 48. Rb1 Kc8 49. Ra1 Kd7 50. Kb4 Be3 51. Kc3 Bd4+ {Normal} 0-1

[Event "Rated Blitz tournament Q1xUf6YA"]
[Site "?"]
[Date "2021.03.13"]
[Round "?"]
[White "El4in"]
[Black "dr_xStranger"]
[Result "0-1"]
[WhiteElo "2251"]
[BlackElo "2537"]
[PlyCount "104"]
[EventDate "2021.??.??"]
[EventType "blitz"]

1. e4 e5 2. Nf3 d5 3. Nxe5 Bd6 4. d4 dxe4 5. Bc4 Bxe5 6. dxe5 Qxd1+ 7. Kxd1 Nc6
8. Bf4 Bg4+ 9. Kc1 Nge7 10. Nc3 Ng6 11. Bg3 Bf5 12. Re1 Ngxe5 13. Nxe4 Nxc4 14.
Nd6+ Kd7 15. Nxf5 Rhe8 16. Rd1+ Kc8 17. b3 Na3 18. Kb2 Nb5 19. Re1 Rxe1 20.
Rxe1 g6 21. Re8+ Nd8 22. Bh4 Kd7 23. Re7+ Kc6 24. Ne3 Nd6 25. c4 Ne6 26. Nd5
Rc8 27. g4 Rf8 28. Bg3 b5 29. Kc3 bxc4 30. bxc4 Ne4+ 31. Kd3 Nxg3 32. hxg3 Kd6
33. Ke4 c6 34. c5+ Nxc5+ 35. Kd4 cxd5 36. Rxa7 Ne6+ 37. Kd3 f5 38. gxf5 gxf5
39. Rxh7 f4 40. g4 Nc5+ 41. Kd4 Ne6+ 42. Kd3 d4 43. f3 Kd5 44. Rh5+ Kd6 45. Ra5
Rc8 46. Ke4 Rc3 47. Ra6+ Ke7 48. Kf5 Re3 49. g5 d3 50. Ra7+ Kd6 51. Ra6+ Kd5
52. Ra5+ Nc5 {Time forfeit} 0-1

[Event "Rated Blitz game"]
[Site "?"]
[Date "2021.03.13"]
[Round "?"]
[White "RnJlaQ64"]
[Black "KinzyabulatovRenat"]
[Result "0-1"]
[WhiteElo "2455"]
[BlackElo "2285"]
[PlyCount "78"]
[EventDate "2021.??.??"]
[EventType "blitz"]

1. e4 e5 2. Nf3 d5 3. exd5 e4 4. Qe2 Nf6 5. d3 Qxd5 6. Nbd2 Nc6 7. dxe4 Qh5 8.
c3 Bg4 9. Qb5 Bc5 10. Qxb7 O-O 11. Qxc6 Rfe8 12. Bd3 Rad8 13. Bc2 Nxe4 14. Bxe4
Re6 15. Qxc7 Bb6 16. Qc4 Bxf3 17. Nxf3 Rde8 18. O-O Rxe4 19. Qd3 Rg4 20. Be3
Rxg2+ 21. Kxg2 Qg4+ 22. Kh1 Qxf3+ 23. Kg1 Re6 24. Rfe1 Qh3 25. Rad1 f5 26. Bxb6
Rg6+ 27. Qg3 Rxg3+ 28. fxg3 axb6 29. Rd8+ Kf7 30. Rd7+ Kf6 31. Rd6+ Kg5 32. Re7
g6 33. Rd4 Qh5 34. g4 Qh3 35. gxf5 Kxf5 36. Rf7+ Ke6 37. Rff4 g5 38. Rfe4+ Kf5
39. Re1 h5 {Time forfeit} 0-1

[Event "Rated Blitz tournament Q1xUf6YA"]
[Site "?"]
[Date "2021.03.13"]
[Round "?"]
[White "Fumitoks"]
[Black "dr_xStranger"]
[Result "0-1"]
[WhiteElo "2422"]
[BlackElo "2527"]
[PlyCount "116"]
[EventDate "2021.??.??"]
[EventType "blitz"]

1. e4 e5 2. Nf3 d5 3. c3 dxe4 4. Nxe5 Bd6 5. d4 Bxe5 6. dxe5 Qxd1+ 7. Kxd1 Nc6
8. Nd2 Nxe5 9. Nxe4 Bf5 10. Ng3 O-O-O+ 11. Ke1 Bc2 12. Be3 Nf6 13. Be2 Nd3+ 14.
Bxd3 Bxd3 15. Rd1 Rhe8 16. h3 h5 17. Rd2 h4 18. Ne2 Ne4 19. Rd1 Bc2 20. Rxd8+
Rxd8 21. Nd4 Ba4 22. b3 Be8 23. c4 Nc3 24. a3 c5 25. Kd2 cxd4 26. Bxd4 Ne4+ 27.
Ke3 Nxf2 28. Rf1 Nxh3 29. gxh3 f6 30. Bxa7 Bd7 31. Rg1 g5 32. Rf1 Rf8 33. Bc5
Rf7 34. Bd4 Bxh3 35. Rxf6 Re7+ 36. Kd3 g4 37. Rh6 g3 38. Rxh4 Bf1+ 39. Kc3 g2
40. Rg4 Rd7 41. Bc5 Rd3+ 42. Kb4 Rd8 43. Bb6 Rd6 44. Ka5 Rf6 45. b4 Kd7 46. b5
Rf3 47. Kb4 Ke6 48. a4 Kf5 49. Rg8 Kf4 50. a5 Kf5 51. Rf8+ Ke4 52. Rxf3 Kxf3
53. a6 bxa6 54. bxa6 Bd3 55. a7 Be4 56. Kb5 Ba8 57. Kc5 Ke4 58. Kd6 Bc6 {
Time forfeit} 0-1

[Event "Rated Blitz game"]
[Site "?"]
[Date "2021.03.13"]
[Round "?"]
[White "AndyIOC"]
[Black "blastol"]
[Result "0-1"]
[WhiteElo "2310"]
[BlackElo "2420"]
[PlyCount "60"]
[EventDate "2021.??.??"]
[EventType "blitz"]

1. e4 e5 2. Nf3 d5 3. Nxe5 Bd6 4. d4 dxe4 5. Nc4 Be7 6. c3 Nf6 7. Be3 O-O 8.
Be2 Nc6 9. O-O Nd5 10. Nbd2 f5 11. f3 Nxe3 12. Nxe3 f4 13. Bc4+ Kh8 14. Nd5 e3
15. Nxe7 Qxe7 16. Ne4 Bf5 17. Bd3 Rad8 18. Re1 Qf7 19. Qb3 Qg6 20. Qxb7 Rb8 21.
Qxc7 Bh3 22. Re2 Rbc8 23. Qb7 Rce8 24. Kh1 Bc8 25. Qc7 Rf7 26. Qd6 Re6 27. Qa3
Qh5 28. Rf1 Rh6 29. g4 Qh3 30. Nd6 Qxf1# {Normal} 0-1

[Event "Rated Blitz game"]
[Site "?"]
[Date "2021.03.13"]
[Round "?"]
[White "Random_BelieveSpace"]
[Black "Blind2250"]
[Result "1-0"]
[WhiteElo "2337"]
[BlackElo "2433"]
[PlyCount "27"]
[EventDate "2021.??.??"]
[EventType "blitz"]

1. e4 e5 2. Nf3 d5 3. exd5 e4 4. Qe2 Nf6 5. Nc3 Qe7 6. Nd4 Qe5 7. Nf3 Qe7 8.
Nd4 Qe5 9. Nf3 Qe7 10. Ng5 Bf5 11. Qb5+ Nbd7 12. d6 Qe5 13. Qxb7 Rb8 14. dxc7 {
Normal} 1-0

[Event "Rated Blitz tournament Q1xUf6YA"]
[Site "?"]
[Date "2021.03.13"]
[Round "?"]
[White "REMIT_01"]
[Black "geptil"]
[Result "0-1"]
[WhiteElo "2214"]
[BlackElo "2411"]
[PlyCount "124"]
[EventDate "2021.??.??"]
[EventType "blitz"]

1. e4 e5 2. Nf3 d5 3. Nxe5 Bd6 4. d4 dxe4 5. Bc4 Bxe5 6. dxe5 Qxd1+ 7. Kxd1 Nc6
8. Bf4 Bg4+ 9. Be2 Bxe2+ 10. Kxe2 Nd4+ 11. Kd2 O-O-O 12. Nc3 Nb3+ 13. Ke3 Nxa1
14. Rxa1 f5 15. exf6 Nxf6 16. Nxe4 Nd5+ 17. Kf3 Rhf8 18. g3 h6 19. h4 Rf5 20.
Kg4 Rdf8 21. Bd2 h5+ 22. Kh3 g6 23. f4 Re8 24. Re1 Nf6 25. Nxf6 Rxe1 26. Bxe1
Rxf6 27. Bc3 Re6 28. Be5 c6 29. g4 Kd7 30. c4 c5 31. Kg3 Rb6 32. Kf3 Ra6 33. a3
Rb6 34. gxh5 gxh5 35. f5 Rb3+ 36. Kf4 Rh3 37. Kg5 Rf3 38. f6 Ke6 39. Bc3 Rf5+
40. Kg6 a6 41. a4 b6 42. Kg7 Rf4 43. Kg6 Rf5 44. Kh6 Kf7 45. Kh7 Rf4 46. b3
Rxh4 47. Kh6 Rh3 48. Be5 Rxb3 49. Kxh5 Rb4 50. Kg5 Rxc4 51. Kf5 Rxa4 52. Bf4
Rxf4+ 53. Kxf4 c4 54. Ke4 b5 55. Kd4 a5 56. Kc5 a4 57. Kxb5 a3 58. Ka4 a2 59.
Ka3 a1=Q+ 60. Kb4 Qb2+ 61. Kc5 c3 62. Kd6 c2 {Time forfeit} 0-1

[Event "Rated Blitz tournament Q1xUf6YA"]
[Site "?"]
[Date "2021.03.13"]
[Round "?"]
[White "ThiesHeinemann"]
[Black "batasjon"]
[Result "1/2-1/2"]
[WhiteElo "2453"]
[BlackElo "2270"]
[PlyCount "111"]
[EventDate "2021.??.??"]
[EventType "blitz"]

1. e4 e5 2. Nf3 d5 3. exd5 e4 4. Qe2 Nf6 5. d3 Qxd5 6. dxe4 Qxe4 7. Bg5 Be6 8.
Bxf6 Qxe2+ 9. Bxe2 gxf6 10. Nbd2 Nd7 11. Nd4 Bc5 12. N2b3 Bb6 13. Bf3 O-O-O 14.
O-O-O Ne5 15. Be2 Bd7 16. f4 Ng4 17. Rd2 Rhe8 18. Bf3 f5 19. c3 Nf6 20. Re2 Ne4
21. Rhe1 Nd6 22. Rxe8 Nxe8 23. Re7 Nd6 24. g3 Rf8 25. Kc2 Kd8 26. Re2 a5 27.
Kd3 a4 28. Nd2 c5 29. Nc2 Bb5+ 30. c4 Ba6 31. Bd5 Kd7 32. Nf3 f6 33. Be6+ Kd8
34. Bd5 Bc7 35. b3 b5 36. Na3 b4 37. Nc2 Kd7 38. Ne3 Rd8 39. Nh4 Kc8 40. Nhxf5
Nxf5 41. Nxf5 Kb8 42. Ne7 Ka7 43. Nc6+ Kb6 44. Nxd8 Bxd8 45. Re8 Kc7 46. Re6
Bc8 47. Rc6+ Kd7 48. Rxc8 Kxc8 49. Be6+ Kc7 50. Ke4 axb3 51. Bf5 Kd6 52. axb3
Be7 53. Kd3 Bd8 54. Ke4 Be7 55. Kf3 Bd8 56. Ke4 {Normal} 1/2-1/2

[Event "Rated Blitz game"]
[Site "?"]
[Date "2021.03.13"]
[Round "?"]
[White "divergent_twin"]
[Black "Gifroy"]
[Result "1-0"]
[WhiteElo "2429"]
[BlackElo "2477"]
[PlyCount "93"]
[EventDate "2021.??.??"]
[EventType "blitz"]

1. e4 e5 2. Nf3 d5 3. Nxe5 Bd6 4. d4 dxe4 5. Bc4 Bxe5 6. Qh5 Qe7 7. Qxe5 Qxe5
8. dxe5 Nc6 9. Nc3 Bf5 10. Bb3 Nge7 11. Bf4 Ng6 12. Bg3 Ngxe5 13. O-O-O Rd8 14.
Rhe1 Rxd1+ 15. Nxd1 O-O 16. Nc3 Re8 17. Nxe4 Kf8 18. f3 Nd4 19. Re3 Nxb3+ 20.
axb3 Bxe4 21. Rxe4 f6 22. Bxe5 Rxe5 23. Rxe5 fxe5 24. Kd2 Ke7 25. Ke3 Ke6 26.
Ke4 g6 27. g4 h6 28. h4 c6 29. b4 b6 30. b3 a6 31. c3 Kd6 32. h5 gxh5 33. gxh5
Ke6 34. f4 exf4 35. Kxf4 Kf6 36. c4 c5 37. b5 a5 38. Ke4 Kg5 39. Kd5 Kxh5 40.
Kc6 Kg5 41. Kxb6 h5 42. Kxc5 h4 43. b6 h3 44. b7 h2 45. b8=Q h1=Q 46. Qg8+ Kf5
47. Qd5+ {Normal} 1-0

[Event "Rated Blitz tournament Q1xUf6YA"]
[Site "?"]
[Date "2021.03.13"]
[Round "?"]
[White "PanMag07"]
[Black "geptil"]
[Result "0-1"]
[WhiteElo "2206"]
[BlackElo "2409"]
[PlyCount "90"]
[EventDate "2021.??.??"]
[EventType "blitz"]

1. e4 e5 2. Nf3 d5 3. exd5 e4 4. Qe2 Nf6 5. Nc3 Be7 6. Nxe4 O-O 7. d3 Nxd5 8.
Bd2 f5 9. Nc3 Nxc3 10. Bxc3 Re8 11. Ne5 Bf6 12. f4 Nc6 13. O-O-O Nd4 14. Qe3 c5
15. g3 Qd5 16. Bh3 Qxa2 17. Bxd4 cxd4 18. Qxd4 Qa1+ 19. Kd2 Qa5+ 20. c3 Qb5 21.
Kc2 Be6 22. c4 Qb4 23. Qc3 Qb6 24. Rhe1 Rac8 25. Qd2 Qc5 26. d4 Qb6 27. d5 Bxe5
28. fxe5 Rxc4+ 29. Kb1 Bc8 30. e6 Qd6 31. Bxf5 g6 32. Bh3 Rc5 33. Bg2 b6 34.
Qd4 Re7 35. Qf6 Rb5 36. Rf1 Rc7 37. Qd4 Rb4 38. Qd2 Rb5 39. Qf4 Qa3 40. Qd4 Ba6
41. Rf8+ Kxf8 42. Qf6+ Ke8 43. Qh8+ Ke7 44. Qxh7+ Kd6 45. Qxg6 Qxb2# {Normal}
0-1

[Event "Rated Blitz game"]
[Site "?"]
[Date "2021.03.13"]
[Round "?"]
[White "robertantes18"]
[Black "MN_Supariyono"]
[Result "0-1"]
[WhiteElo "2354"]
[BlackElo "2430"]
[PlyCount "129"]
[EventDate "2021.??.??"]
[EventType "blitz"]

1. e4 e5 2. Nf3 d5 3. exd5 e4 4. Ne5 Qxd5 5. d4 exd3 6. Nxd3 Qe4+ 7. Qe2 Nf6 8.
Nc3 Qxe2+ 9. Bxe2 Bd6 10. O-O O-O 11. h3 a6 12. Re1 Nc6 13. Be3 Bd7 14. Bf3
Rfe8 15. a3 h6 16. Rad1 Rad8 17. Nf4 b6 18. Nfd5 Nxd5 19. Nxd5 Ne5 20. Be2 Bc8
21. Bf1 Bb7 22. Nb4 a5 23. Nd3 Nc4 24. Bc1 Ne5 25. Nxe5 Bxe5 26. Rxd8 Rxd8 27.
Rxe5 Rd1 28. Bf4 Ba6 29. Re8+ Kh7 30. Bxc7 Rxf1+ 31. Kh2 Rxf2 32. Bxb6 Rxc2 33.
Re7 Rxb2 34. Bxa5 Bf1 35. Rxf7 Rxg2+ 36. Kh1 Rg5 37. Rxf1 Rxa5 38. Rf3 g5 39.
Rb3 Ra4 40. Kg2 Kg6 41. Kg3 Kh5 42. Rb4 Rxa3+ 43. Kh2 Re3 44. Kg2 Rd3 45. Kh2
Rf3 46. Kg2 Rf4 47. Rb8 Kh4 48. Rh8 h5 49. Rg8 Ra4 50. Rc8 Ra2+ 51. Kh1 Kxh3
52. Rc3+ Kh4 53. Rc4+ g4 54. Rc3 g3 55. Rc1 Kh3 56. Re1 h4 57. Kg1 Rg2+ 58. Kh1
Rf2 59. Rc1 Rf4 60. Rd1 Kg4 61. Kg1 h3 62. Rc1 Ra4 63. Rb1 h2+ 64. Kh1 Kh3 65.
Rb3 {Normal} 0-1

[Event "Rated Blitz tournament YxQ1ykfy"]
[Site "?"]
[Date "2021.03.13"]
[Round "?"]
[White "PejuangBKD"]
[Black "Jenlen3001"]
[Result "0-1"]
[WhiteElo "2407"]
[BlackElo "2435"]
[PlyCount "110"]
[EventDate "2021.??.??"]
[EventType "blitz"]

1. e4 e5 2. Nf3 d5 3. Nc3 dxe4 4. Nxe4 Nf6 5. Nxf6+ Qxf6 6. d3 Bc5 7. Be2 O-O
8. O-O Rd8 9. Be3 Bxe3 10. fxe3 e4 11. Nd4 Qb6 12. dxe4 c5 13. Bc4 cxd4 14.
Bxf7+ Kh8 15. Bd5 dxe3 16. Qf3 Nd7 17. Kh1 Nf6 18. Bb3 Bg4 19. Qf4 e2 20. Rfe1
Rd1 21. h3 Rad8 22. c3 Rxa1 23. Rxa1 Be6 24. Bxe6 Qxe6 25. Kh2 Qxe4 26. Qxe4
Nxe4 27. Re1 Rd2 28. g4 Rxb2 29. Kg2 Nxc3 30. Kf3 Rxa2 31. Ke3 b5 32. Kd3 b4
33. Kc4 a5 34. Kd3 h6 35. h4 g5 36. hxg5 hxg5 37. Rh1+ Kg7 38. Re1 Kg6 39. Kc4
Kf6 40. Kd3 Ke5 41. Kc4 Ke4 42. Rh1 Ke3 43. Rh3+ Kd2 44. Rh2 Kd1 45. Rxe2 Kc1
46. Re1+ Kb2 47. Re2+ Ka3 48. Re5 Rg2 49. Rxa5+ Kb2 50. Rxg5 Rxg4+ 51. Rxg4 Na2
52. Rg3 Nc3 53. Rg2+ Ka3 54. Rg3 Kb2 55. Kxb4 Ne4 {Time forfeit} 0-1

[Event "Rated Blitz tournament Q1xUf6YA"]
[Site "?"]
[Date "2021.03.13"]
[Round "?"]
[White "LEV2310"]
[Black "dr_xStranger"]
[Result "0-1"]
[WhiteElo "2492"]
[BlackElo "2539"]
[PlyCount "88"]
[EventDate "2021.??.??"]
[EventType "blitz"]

1. e4 e5 2. Nf3 d5 3. exd5 e4 4. Nd4 Qxd5 5. Nb3 Nf6 6. Nc3 Qe5 7. d4 exd3+ 8.
Be3 Bd6 9. Bxd3 Bg4 10. Qd2 Nc6 11. f3 Bh5 12. O-O-O O-O-O 13. Rhe1 Bg6 14. Bg1
Qf4 15. Qxf4 Bxf4+ 16. Be3 Bxe3+ 17. Rxe3 Bxd3 18. Rexd3 Rxd3 19. Rxd3 Re8 20.
Kd2 Ne5 21. Rd4 b6 22. Ne4 Nxe4+ 23. Rxe4 f5 24. Rh4 h6 25. Nd4 Rd8 26. Kc3 Rf8
27. Ne6 Rf7 28. Rd4 Nc6 29. Rd1 Kb7 30. Nd4 Nxd4 31. Rxd4 g5 32. Kd2 f4 33. Rd3
h5 34. Rd5 Rg7 35. h4 gxh4 36. Rxh5 Rxg2+ 37. Kd3 Rg3 38. Rxh4 Rxf3+ 39. Ke4
Rf2 40. Kd3 f3 41. Rh7 Rf1 42. Rf7 f2 43. Ke2 Rb1 44. Rxf2 Rxb2 {Normal} 0-1

[Event "Rated Blitz tournament YxQ1ykfy"]
[Site "?"]
[Date "2021.03.13"]
[Round "?"]
[White "deenan2008"]
[Black "Jenlen3001"]
[Result "0-1"]
[WhiteElo "2359"]
[BlackElo "2491"]
[PlyCount "150"]
[EventDate "2021.??.??"]
[EventType "blitz"]

1. e4 e5 2. Nf3 d5 3. exd5 e4 4. Qe2 Nf6 5. Nc3 Be7 6. Nxe4 O-O 7. Nxf6+ Bxf6
8. Qd1 Re8+ 9. Be2 Qe7 10. d4 b6 11. Be3 Qb4+ 12. c3 Qxb2 13. O-O Qxc3 14. Rc1
Qa5 15. Rxc7 Qxd5 16. Bc4 Qd8 17. Bxf7+ Kh8 18. Rxc8 Qxc8 19. Bxe8 Qxe8 20. Qb3
Nc6 21. h3 Rc8 22. d5 Na5 23. Qd3 Nc4 24. Bd4 Qg6 25. Qxg6 hxg6 26. Bxf6 gxf6
27. Rc1 b5 28. Nd4 a6 29. Nc6 Kg7 30. Ne7 Rd8 31. a4 Kf7 32. Nc6 Rxd5 33. axb5
axb5 34. Ra1 Rd6 35. Ra7+ Ke6 36. Nb4 Ne5 37. Ra5 Rb6 38. f4 Nd7 39. g4 Kd6 40.
Nd3 b4 41. f5 g5 42. Kg2 b3 43. Nb2 Nc5 44. Kg3 Kd5 45. h4 gxh4+ 46. Kxh4 Kd4
47. g5 fxg5+ 48. Kxg5 Ne4+ 49. Kf4 Nf2 50. f6 Rxf6+ 51. Kg5 Ne4+ 52. Kg4 Kc3
53. Na4+ Kb4 54. Ra8 Nc5 55. Nb2 Rb6 56. Kf4 Kc3 57. Nd1+ Kc2 58. Ne3+ Kc1 59.
Rc8 Rb5 60. Ke5 b2 61. Kd5 b1=Q 62. Rxc5+ Rxc5+ 63. Kxc5 Qe4 64. Nd5 Qe5 65.
Kc6 Kd2 66. Kc5 Qe4 67. Kc6 Qe5 68. Kc5 Qf5 69. Kd6 Qh5 70. Kc6 Qh6+ 71. Kc5
Qf8+ 72. Kc6 Kd3 73. Nb6 Ke4 74. Nc4 Qc8+ 75. Kb5 Kd4 {Time forfeit} 0-1

[Event "Rated Blitz game"]
[Site "?"]
[Date "2021.03.13"]
[Round "?"]
[White "readycash"]
[Black "Gifroy"]
[Result "1-0"]
[WhiteElo "2504"]
[BlackElo "2465"]
[PlyCount "83"]
[EventDate "2021.??.??"]
[EventType "blitz"]

1. e4 e5 2. Nf3 d5 3. d4 dxe4 4. Nxe5 Bd6 5. Bf4 Nf6 6. Nc3 O-O 7. Qd2 Nc6 8.
O-O-O Bf5 9. h3 Qe7 10. g4 Bg6 11. g5 Nh5 12. Nxg6 hxg6 13. Bxd6 cxd6 14. Nd5
Qd8 15. Be2 Ne7 16. Nxe7+ Qxe7 17. Bxh5 gxh5 18. Qf4 d5 19. Rhe1 Rfe8 20. Kb1
g6 21. f3 Rad8 22. Re3 Qd6 23. Qxd6 Rxd6 24. Rde1 Rde6 25. fxe4 dxe4 26. h4 Kg7
27. c4 f5 28. gxf6+ Kxf6 29. Kc2 Kf5 30. d5 Re5 31. Kc3 Rc8 32. Kd4 Rce8 33. b4
g5 34. hxg5 Kxg5 35. Rxe4 Rxe4+ 36. Rxe4 Rd8 37. c5 h4 38. b5 h3 39. c6 bxc6
40. bxc6 h2 41. Re1 Rh8 42. c7 {Normal} 1-0

[Event "Rated Blitz game"]
[Site "?"]
[Date "2021.03.13"]
[Round "?"]
[White "A1986-ADDOO"]
[Black "Chesspirate_Channel"]
[Result "0-1"]
[WhiteElo "2404"]
[BlackElo "2336"]
[PlyCount "98"]
[EventDate "2021.??.??"]
[EventType "blitz"]

1. e4 e5 2. Nf3 d5 3. exd5 e4 4. Nd4 Nf6 5. Nc3 c6 6. dxc6 Qxd4 7. cxb7 Bxb7 8.
Bb5+ Nbd7 9. O-O Bd6 10. d3 Qe5 11. g3 O-O 12. Bf4 Qe7 13. Bxd6 Qxd6 14. dxe4
Qc7 15. Qe2 Nc5 16. f3 a6 17. Bc4 Qb6 18. Qe3 Rac8 19. Rab1 Qc7 20. Bb3 Rfe8
21. Rfd1 Nxb3 22. cxb3 Nh5 23. Rbc1 Nxg3 24. Nd5 Qb8 25. Rxc8 Bxc8 26. hxg3
Qxg3+ 27. Kf1 a5 28. Qf2 Ba6+ 29. Ke1 Qh3 30. Kd2 f5 31. Kc1 fxe4 32. fxe4 Qc8+
33. Nc3 Rxe4 34. Qb6 Re8 35. Qxa5 Be2 36. Qd5+ Kh8 37. Rg1 Bg4 38. Qg5 h5 39.
Kb1 Qe6 40. Ka1 Qe7 41. Qg6 Qe6 42. Qxe6 Rxe6 43. a3 Rf6 44. Ka2 h4 45. b4 h3
46. b5 h2 47. Rh1 Rf2 48. Ne4 Bf3 49. Nxf2 Bxh1 {Time forfeit} 0-1

[Event "Rated Blitz tournament Q1xUf6YA"]
[Site "?"]
[Date "2021.03.13"]
[Round "?"]
[White "anonymous_anonymoush"]
[Black "dr_xStranger"]
[Result "0-1"]
[WhiteElo "2360"]
[BlackElo "2539"]
[PlyCount "88"]
[EventDate "2021.??.??"]
[EventType "blitz"]

1. e4 e5 2. Nf3 d5 3. exd5 e4 4. Nd4 Qxd5 5. Nb3 Nf6 6. Nc3 Qe5 7. Be2 Bd6 8.
Nb5 O-O 9. Nxd6 Qxd6 10. O-O Nc6 11. d3 exd3 12. Qxd3 Rd8 13. Qxd6 Rxd6 14. Bf4
Rd7 15. Nc5 Re7 16. Bf3 h6 17. Na6 Bf5 18. Nxc7 Rc8 19. Nb5 Bxc2 20. Nd6 Rd8
21. Rac1 Bd3 22. Rfd1 Ba6 23. Nf5 Rxd1+ 24. Rxd1 Re8 25. Nd6 Rd8 26. g4 Nb4 27.
a3 Nd3 28. Nxb7 Bxb7 29. Bxb7 Nxg4 30. Be4 Ngxf2 31. Rxd3 Nxd3 32. Bxd3 Rxd3
33. Be5 f6 34. Bc3 Rd1+ 35. Kg2 a6 36. Kg3 Kf7 37. h4 g5 38. hxg5 fxg5 39. Kg4
Kg6 40. Kg3 h5 41. Kf3 Kf5 42. Kg3 g4 43. Kh4 Kf4 44. Kxh5 g3 {Normal} 0-1

[Event "Rated Blitz game"]
[Site "?"]
[Date "2021.03.13"]
[Round "?"]
[White "lavr64"]
[Black "RJF72"]
[Result "1-0"]
[WhiteElo "2444"]
[BlackElo "2266"]
[PlyCount "47"]
[EventDate "2021.??.??"]
[EventType "blitz"]

1. e4 e5 2. Nf3 d5 3. exd5 Bd6 4. Nc3 Nf6 5. d4 e4 6. Ne5 O-O 7. Bg5 Nbd7 8. f4
exf3 9. Nxf3 Re8+ 10. Be2 Nb6 11. O-O Bg4 12. h3 Bh5 13. a4 Bb4 14. a5 Bxc3 15.
axb6 Bb4 16. Rxa7 Qxd5 17. Rxa8 Rxa8 18. bxc7 Ne4 19. Bf4 Bd6 20. Bxd6 Qxd6 21.
Ne5 Bxe2 22. Qxe2 Ng3 23. Qg4 Nxf1 24. c8=Q+ {Normal} 1-0

[Event "Rated Blitz tournament YxQ1ykfy"]
[Site "?"]
[Date "2021.03.13"]
[Round "?"]
[White "malcriado007"]
[Black "Jenlen3001"]
[Result "1-0"]
[WhiteElo "2464"]
[BlackElo "2446"]
[PlyCount "115"]
[EventDate "2021.??.??"]
[EventType "blitz"]

1. e4 e5 2. Nf3 d5 3. Nxe5 Bd6 4. d4 dxe4 5. Nc4 Nf6 6. Nc3 O-O 7. Nxd6 cxd6 8.
Be2 h6 9. Be3 d5 10. h3 Nc6 11. Qd2 a6 12. a3 b5 13. Na2 Rb8 14. Nb4 Bb7 15.
Nxc6 Bxc6 16. O-O a5 17. b3 Re8 18. c4 bxc4 19. bxc4 dxc4 20. Bxc4 Bd5 21. Be2
a4 22. Rfc1 Qe7 23. Rc5 Rb3 24. Bb5 Ra8 25. Qc2 Qe6 26. Bf4 g5 27. Bc7 e3 28.
fxe3 Rxe3 29. Rf1 Rg3 30. Bxg3 Ne4 31. Re1 Nxc5 32. Rxe6 Nxe6 33. Be5 h5 34.
Qf2 h4 35. Qf6 Kf8 36. Bc4 Bxc4 37. Qh8+ Ke7 38. Qxa8 Bb3 39. Qb7+ Kf8 40. Bf6
Kg8 41. d5 Nf4 42. Bxg5 Nxd5 43. Qc8+ Kh7 44. Bxh4 Kg6 45. Bf2 f6 46. Qc5 Nf4
47. g3 Nxh3+ 48. Kh2 Ng5 49. Be3 Nf3+ 50. Kg2 Ne5 51. Qd4 Kf5 52. Qf4+ Ke6 53.
g4 Bd5+ 54. Kg3 Bb3 55. Qf5+ Kf7 56. Bd4 Ke7 57. Bxe5 fxe5 58. Qxe5+ {Time
forfeit} 1-0

[Event "Rated Blitz game"]
[Site "?"]
[Date "2021.03.13"]
[Round "?"]
[White "dash22"]
[Black "FTR_BBC"]
[Result "0-1"]
[WhiteElo "2285"]
[BlackElo "2407"]
[PlyCount "108"]
[EventDate "2021.??.??"]
[EventType "blitz"]

1. e4 e5 2. Nf3 d5 3. Nxe5 Bd6 4. d4 dxe4 5. Nc3 Bxe5 6. dxe5 Qxd1+ 7. Nxd1 Nc6
8. Bb5 Nge7 9. O-O O-O 10. Nc3 Nxe5 11. Nxe4 c6 12. Ba4 Bf5 13. Re1 N7g6 14.
Bd2 Rfd8 15. Bc3 Nc4 16. Bb3 Bxe4 17. Rxe4 Nd2 18. Rd4 Nxb3 19. axb3 Rxd4 20.
Bxd4 a6 21. Bb6 Kf8 22. Rd1 Ke8 23. Kf1 Nf4 24. g3 Nd5 25. Be3 Nxe3+ 26. fxe3
Ke7 27. Kf2 Rd8 28. Rxd8 Kxd8 29. Kf3 Ke7 30. Ke4 Ke6 31. Kd4 b6 32. Ke4 g5 33.
b4 f5+ 34. Kd4 Kd6 35. h3 c5+ 36. bxc5+ bxc5+ 37. Kc4 h5 38. h4 g4 39. c3 Kc6
40. b4 cxb4 41. cxb4 Kd6 42. Kd4 Ke6 43. Kc4 Ke5 44. Kc5 Ke4 45. Kb6 Kxe3 46.
Kxa6 f4 47. b5 fxg3 48. b6 g2 49. b7 g1=Q 50. b8=Q Qa1+ 51. Kb7 Qb1+ 52. Kc8
Qxb8+ 53. Kxb8 Kf4 54. Kc7 Kg3 {Normal} 0-1

[Event "Rated Blitz game"]
[Site "?"]
[Date "2021.03.13"]
[Round "?"]
[White "Masaccio"]
[Black "GB_33"]
[Result "0-1"]
[WhiteElo "2236"]
[BlackElo "2453"]
[PlyCount "30"]
[EventDate "2021.??.??"]
[EventType "blitz"]

1. e4 e5 2. Nf3 d5 3. Nxe5 dxe4 4. d4 exd3 5. Bxd3 Bd6 6. O-O Bxe5 7. Re1 Nc6
8. f4 Nge7 9. fxe5 O-O 10. Qh5 Ng6 11. Nc3 Be6 12. Bd2 Qd7 13. Kh1 Bg4 14. Qg5
Ncxe5 15. Rxe5 f6 {Normal} 0-1